000 005050000a22001810004500
003 MACL
005 20160129115252.0
008 160129b xxu||||| |||| 00| 0 eng d
040 _aMACL
_cMACL
041 _aEnglish
082 _a620/JAI
100 _aJain, Vikas
_935213
245 _a10 Mock Tests For AIEEE 2011
_bAll India Engineering Exam with Solved Papers (2002-2010)
260 _bArihant Prakashan,Meerut
_aMeerut
350 _a285
650 _aEngineering
_935214
942 _cBK
_k620/JAI
_2ddc
999 _c44727
_d44727